Informačné a komunikačné technológie ako nová šanca pre skvalitnenie života občanov so zdravotným postihnutím

Informatizácia spoločnosti v SR. Občania so zdravotným postihnutím a ich uplatnenie na trhu práce. Informačné a komunikačné technológie a občania so zdravotným postihnutím - počítače, internet a informačné systémy pre občanov so zdravotným postihnutím, prístupné webové stránky. Rast vzdelanosti obča...

Ausführliche Beschreibung

Gespeichert in:
Bibliographische Detailangaben
1. Verfasser: Ondrejková, Anna
Format: Buchkapitel
Sprache:Slowakisch
Schlagworte:
Tags: Tag hinzufügen
Keine Tags, Fügen Sie das erste Tag hinzu!

MARC

LEADER 00000naa$a2200000$$$4500
001 0059856
005 20240502071648.9
041 0 |a slo 
044 |a SK 
245 1 0 |a Informačné a komunikačné technológie ako nová šanca pre skvalitnenie života občanov so zdravotným postihnutím  |c Anna Ondrejková 
520 |a Informatizácia spoločnosti v SR. Občania so zdravotným postihnutím a ich uplatnenie na trhu práce. Informačné a komunikačné technológie a občania so zdravotným postihnutím - počítače, internet a informačné systémy pre občanov so zdravotným postihnutím, prístupné webové stránky. Rast vzdelanosti občanov so zdravotným postihnutím. 
610 2 0 |a invalidita 
610 2 0 |a invalidi 
610 2 0 |a osoby so zníženou pracovnou schopnosťou 
610 2 0 |a počítače 
610 2 0 |a internet 
610 2 0 |a vzdelanosť 
610 2 0 |a trh práce 
100 1 |a Ondrejková, Anna